On This Day: September 4th II Quiz Stats

 Plays Quiz Updated Sep 4, 2018

Score 0/7 Timer 03:00
0 Plays Today
Question Answer Wrong Answers
The British 11th Armoured Division liberates the ______ city of Antwerp.
1944
Belgian
88%
Polish
3.7%
French
2.5%
Swiss
4.1%
This city, today the second most populous in the United States, is founded as a pueblo by Spanish settlers.
1781
Los Angeles
82.6%
Houston
7.4%
San Antonio
7%
Miami
2.9%
This popular game show, today hosted by Drew Carey, premieres on CBS.
1972
The Price Is Right
77.4%
Family Feud
5.1%
Wheel of Fortune
9.1%
Let's Make a Deal
6%
______ introduces the Edsel after a yearlong marketing campaign. Teased as the ‘car of the future’, it would cost the company millions and become a symbol of commercial failure.
1957
Ford
73.1%
Chrysler
9.3%
General Motors
11.8%
Volvo
3.9%
The Oakland ______ win their 20th consecutive game, then an American League record.
2002
Athletics
68.4%
Warriors
4.2%
Raiders
22.3%
Astros
2.6%
Salvador Allende is elected President of ______, the first Marxist to become president of a Latin American country through open elections.
1970
Chile
65.7%
Mexico
7.4%
Cuba
4.1%
Argentina
20.5%
Emperor Napoleon III of France is deposed and the French ______ Republic is declared.
1870
Third
45.9%
First
13.5%
Second
26.1%
Fourth
13.1%

You're not logged in!

Compare scores with friends on all Sporcle quizzes.
OR
Log In

Sporcle TV

Today on Sporcle TV


Watch our educational content, quiz creation guides, and fun videos on Sporcle TV.

Show Comments

Extras

Top Quizzes Today


Score Distribution

Your Account Isn't Verified!

In order to create a playlist on Sporcle, you need to verify the email address you used during registration. Go to your Sporcle Settings to finish the process.

Report this User

Report this user for behavior that violates our Community Guidelines.

Details: